000
00181 a2200097 4500
001
5108
100
_a
Brown,RC
245
_a
Light
260
_a
_b
Longmans
_c
090
_c
4251
_d
4251
942
_a
NUST-CAE
_c
M
_c
30547
999
_c
240181
_d
240181